| 000 | 00476nam a2200169Ia 4500 | ||
|---|---|---|---|
| 999 |
_c26801 _d26801 |
||
| 003 | OSt | ||
| 005 | 20210112150627.0 | ||
| 008 | 190216s9999||||xx |||||||||||||| ||und|| | ||
| 040 | _coclc | ||
| 082 |
_a894.81 _bSNAR/S |
||
| 100 |
_aNair, M R _98019 |
||
| 245 | 0 |
_aSanjayan / _cM R Nair |
|
| 260 |
_bMathrubhumi Printing & Publishing, _aKozhikode: _c1986. |
||
| 300 | _a614p | ||
| 650 | _aMalayalam | ||
| 942 |
_cBK _2ddc _h894.81 _iSNAI/S _k894.81 _mSNAI/S |
||